[Event "Port of Burlington op"]
[Site "Burlington"]
[Date "2019.02.02"]
[Round "1"]
[White "Baker, Sean"]
[Black "Deshpande, Neil"]
[Result "1/2-1/2"]
[WhiteElo "1837"]
[BlackElo "1810"]
[PlyCount "86"]
[EventDate "2019.02.02"]
[EventType "swiss"]
[EventRounds "5"]
[EventCountry "USA"]
[SourceTitle "EXT 2020"]
[Source "ChessBase"]
[SourceDate "2019.10.17"]
[SourceVersion "1"]
[SourceVersionDate "2019.10.17"]
[SourceQuality "1"]

1. Nf3 Nf6 2. b3 g6 3. Bb2 d5 4. e3 Bg7 5. Be2 0-0 6. 0-0 c5 7. d4 cxd4 8. exd4 Nc6 9. Nbd2 Bg4 10. c4 e6 11. Ne5 Bxe2 12. Qxe2 Nd7 13. cxd5 Ndxe5 14. dxe5 Qxd5 15. Nc4 Rfd8 16. Rad1 Qb5 17. Qe4 a5 18. Qf4 Qb4 19. Ba3 Qc3 20. Bb2 Qc2 21. Rc1 Qe2 22. Rfe1 Qh5 23. Qe4 Rab8 24. f4 Bf8 25. a3 Rd5 26. Nb6 Rb5 27. Nd7 Qh4 28. Nxb8 Nxb8 29. Qf3 Nc6 30. Red1 Bc5+ 31. Kh1 Qe7 32. a4 Rb6 33. Qd3 Ba3 34. Bxa3 Qxa3 35. Rc3 Rb4 36. Rxc6 bxc6 37. Qd8+ Kg7 38. Qf6+ Kh6 39. Qg5+ Kg7 40. Qf6+ Kh6 41. Qg5+ Kg7 42. Qf6+ Kh6 43. Qg5+ Kg7 1/2-1/2